A mind for numbers : how to excel at math and science (even if you flunked algebra) (Record no. 13004)

000 -LEADER
fixed length control field 01035cam a2200265 i 4500
001 - CONTROL NUMBER
control field 18024243
005 - DATE AND TIME OF LATEST TRANSACTION
control field 20170105102412.0
008 - FIXED-LENGTH DATA ELEMENTS--GENERAL INFORMATION
fixed length control field 140130s2014 nyua b 001 0 eng
010 ## - LIBRARY OF CONGRESS CONTROL NUMBER
LC control number 2014003665
020 ## - INTERNATIONAL STANDARD BOOK NUMBER
International Standard Book Number 9780399165245 (pbk.)
040 ## - CATALOGING SOURCE
Original cataloging agency DLC
Language of cataloging eng
Transcribing agency DLC
Description conventions rda
Modifying agency DLC
042 ## - AUTHENTICATION CODE
Authentication code pcc
050 00 - LIBRARY OF CONGRESS CALL NUMBER
Classification number QA11.2
Item number .O23 2014
082 00 - DEWEY DECIMAL CLASSIFICATION NUMBER
Classification number 501.9
Edition number 23
100 1# - MAIN ENTRY--PERSONAL NAME
Personal name Oakley, Barbara A.,
Dates associated with a name 1955-
245 12 - TITLE STATEMENT
Title A mind for numbers : how to excel at math and science (even if you flunked algebra)
Remainder of title how to excel at math and science (even if you flunked algebra) /
Statement of responsibility, etc. Barbara Oakley, Ph.D.
300 ## - PHYSICAL DESCRIPTION
Extent xx, 316 pages :
Other physical details illustrations ;
Dimensions 23 cm
504 ## - BIBLIOGRAPHY, ETC. NOTE
Bibliography, etc. note Includes bibliographical references (pages 291-302) and index.
650 #0 - SUBJECT ADDED ENTRY--TOPICAL TERM
Topical term or geographic name entry element Math anxiety.
650 #0 - SUBJECT ADDED ENTRY--TOPICAL TERM
Topical term or geographic name entry element Mathematics
General subdivision Study and teaching
-- Psychological aspects.
650 #0 - SUBJECT ADDED ENTRY--TOPICAL TERM
Topical term or geographic name entry element Educational psychology.
906 ## - LOCAL DATA ELEMENT F, LDF (RLIN)
a 7
b cbc
c orignew
d 1
e ecip
f 20
g y-gencatlg
942 ## - ADDED ENTRY ELEMENTS (KOHA)
Source of classification or shelving scheme
Koha item type Book
Holdings
Withdrawn status Lost status Damaged status Not for loan Collection code Permanent Location Current Location Shelving location Date acquired Source of acquisition Cost, normal purchase price Total Checkouts Total Renewals Full call number Barcode Date last seen Date last checked out Price effective from Koha item type
          Central Library (CL) Central Library (CL) General Stacks 10/23/2014 Grace Books 2362.03 7 5 501.9 OAK SEECS013237 02/20/2026 12/26/2023 10/21/2014 Book
© 2023 Central Library, National University of Sciences and Technology. All Rights Reserved.